| 000 | 00461cam a2200157 a 4500 | ||
|---|---|---|---|
| 020 | _a007248392X (acidfree paper) | ||
| 040 | _cDLC | ||
| 082 | 0 | 0 | _a302 MCG 2003 A017 Or. |
| 100 | 1 | _aGriffin, Emory A. | |
| 245 | 1 | 2 | _aA first look at communication theory / |
| 250 | _a5th ed. | ||
| 260 |
_aBoston : _bMcGraw-Hill, _cc2003. |
||
| 300 |
_axxii, 518, A-24, E-23, C-2, I-18 p. : _bill. ; _c23 cm. + _e2 CD-ROMs (4 3/4 in.) |
||
| 650 | 0 | _aCommunication | |
| 942 | _cEK | ||
| 999 |
_c11816 _d11816 |
||